10 Random Countries (Americas Pt 2) - Map Quiz - Statistics

General Stats
  • This quiz has been taken 19 times
  • The average score is 9 of 10
Answers on the Map
Answers color-coded by a green-red scale on the quiz's map according to % correct below.
 
Answer Stats
Answer % Correct
Argentina
100%
Brazil
100%
Chile
100%
Uruguay
94%
Venezuela
94%
Bolivia
88%
Ecuador
88%
Guyana
88%
Peru
81%
Suriname
81%
No matching quizzes found
Score Distribution
Percent of People with Each Score
Percentile by Number Answered
Your Score History
You have not taken this quiz